WHY POPCORN COSTS SO MUCH AT THE MOVIES (Record no. 21384)
[ view plain ]
| 000 -LEADER | |
|---|---|
| fixed length control field | 00353nam a2200133Ia 4500 |
| 008 - FIXED-LENGTH DATA ELEMENTS--GENERAL INFORMATION | |
| fixed length control field | 240624s9999 xx 000 0 und d |
| 041 ## - LANGUAGE CODE | |
| Language code of text/sound track or separate title | eng |
| 082 ## - DEWEY DECIMAL CLASSIFICATION NUMBER | |
| Classification number | 338.52 McK |
| 100 ## - MAIN ENTRY--PERSONAL NAME | |
| Personal name | MCKENZIE RICHARD B |
| 245 ## - TITLE STATEMENT | |
| Title | WHY POPCORN COSTS SO MUCH AT THE MOVIES |
| 260 ## - PUBLICATION, DISTRIBUTION, ETC. | |
| Date of publication, distribution, etc. | 2008 |
| Place of publication, distribution, etc. | New York |
| Name of publisher, distributor, etc. | Springer |
| 300 ## - PHYSICAL DESCRIPTION | |
| Extent | xv, : 326 : p. : cm. ; 24 |
| 365 ## - TRADE PRICE | |
| Currency code | ERU |
| Price amount | 28 |
| Withdrawn status | Lost status | Damaged status | Not for loan | Home library | Current library | Shelving location | Date acquired | Source of acquisition | Cost, normal purchase price | Full call number | Barcode | Date last seen | Copy number | Price effective from | Koha item type |
|---|---|---|---|---|---|---|---|---|---|---|---|---|---|---|---|
| IMTN | IMTN | Rack 10-B | 05/29/2013 | TB | 22.95 | 338.52 McK | 21384 | 06/24/2024 | 74.9 | 06/24/2024 | Books |